MARC

LEADER 00000nam0a2200000 4500
001 271846
005 20231101234457.0
020 |a RU  |b 87-50139 
035 |a (RuTPU)RU\TPU\book\295049 
090 |a 271846 
100 |a 20141013d1987 km y0rusy5003 ca 
101 0 |a rus 
102 |a RU 
105 |a a z 000zy 
200 1 |a Сквозь огонь. Боевой путь 81-й стрелковый Калинковичской Краснознаменной ордена Суворова дивизии  |f Н. Ф. Шитиков 
210 |a Москва  |c Воениздат  |d 1987 
215 |a 160 с.  |c ил. 
606 1 |a Пехота морская в Великой Отечественной войне 1941-1945  |2 stltpush  |3 (RuTPU)RU\TPU\subj\66677  |9 82728 
610 1 |a Великая Отечественная война 1941-1945 
610 1 |a Калинковичская стрелковая дивизия 
610 1 |a боевые операции 
610 1 |a стрелковое дивизии 
610 1 |a герои войны 
686 |a Т3(2)622-35:Ц52  |2 rubbk 
700 1 |a Шитиков  |b Н. Ф.  |g Николай Федосеевич 
801 0 |a RU  |b RuMRKP  |c 19950417  |g psbo 
801 1 |a RU  |b 63413507  |c 20141013 
801 2 |a RU  |b 63413507  |c 20161212  |g RCR 
942 |c BK